| 000 | 01116nam a22002297a 4500 | ||
|---|---|---|---|
| 003 | NALT | ||
| 005 | 20220111102944.0 | ||
| 008 | th tha d | ||
| 040 | _aNALT | ||
| 041 | _atha | ||
| 090 |
_aKD 211.2 _bว872ก2 |
||
| 110 | 0 | _aสำนักงานเลขาธิการวุฒิสภา | |
| 245 | 1 | 0 |
_aกระบวนการตราพระราชบัญญัติ / _cสำนักงานเลขาธิการวุฒิสภา. |
| 260 |
_aกรุงเทพฯ : _bสำนักงานเลขาธิการวุฒิสภา, _cม.ป.ป. |
||
| 300 |
_a6 หน้า : _bแผนภูมิ ; _c30 ซม. |
||
| 610 | _aสำนักงานเลขาธิการวุฒิสภา. สำนักประชาสัมพันธ์ | ||
| 650 | 0 | 4 | _aพระราชกำหนด |
| 650 | 0 | 4 | _aการตราพระราชบัญญัติ |
| 650 | 0 | 4 | _aการตราพระราชบัญญัติพระราชกำหนด |
| 850 | _aNALT | ||
| 942 |
_cLB _2lcc |
||
| 999 |
_c45115 _d45115 |
||
| 998 |
_j109 _k อารีรัตน์ วิชาช่าง |
||